| 000 | 00334nam a22001337a 4500 | ||
|---|---|---|---|
| 003 | OSt | ||
| 008 | 250215b |||||||| |||| 00| 0 eng d | ||
| 041 | _aeng | ||
| 100 |
_aSrivastava, PK _92096 |
||
| 245 | _aProblems in Physics | ||
| 250 | _a2nd Reprint | ||
| 260 |
_aNew Delhi: _bNew Age International Publishers, _c1994. |
||
| 942 | _cBK | ||
| 999 |
_c19393 _d19393 |
||